<?xml version="1.0" encoding="UTF-8"?>
<collection xmlns="http://www.loc.gov/MARC21/slim">
 <record>
  <leader>01165pam a22002658a 4500</leader>
  <controlfield tag="001">00028181</controlfield>
  <controlfield tag="005">20171026081023.0</controlfield>
  <controlfield tag="008">120221s2004                  ||||||Viesd</controlfield>
  <datafield tag="020" ind1=" " ind2=" ">
   <subfield code="c">24200</subfield>
  </datafield>
  <datafield tag="041" ind1="0" ind2="#">
   <subfield code="a">Vie</subfield>
  </datafield>
  <datafield tag="082" ind1="1" ind2="4">
   <subfield code="a">530</subfield>
   <subfield code="b">TH552T</subfield>
  </datafield>
  <datafield tag="100" ind1="1" ind2="#">
   <subfield code="a">Lê, Xuân Thê</subfield>
  </datafield>
  <datafield tag="245" ind1="1" ind2="0">
   <subfield code="a">Thực tập kỹ thuật số</subfield>
   <subfield code="c">Lê Xuân Thê</subfield>
  </datafield>
  <datafield tag="260" ind1="#" ind2="#">
   <subfield code="a">Hà Nội</subfield>
   <subfield code="b">Đại học Quốc gia Hà Nội</subfield>
   <subfield code="c">2004</subfield>
  </datafield>
  <datafield tag="300" ind1="#" ind2="#">
   <subfield code="a">199tr.</subfield>
   <subfield code="b">Hình vẽ</subfield>
   <subfield code="c">24cm.</subfield>
  </datafield>
  <datafield tag="504" ind1="#" ind2="#">
   <subfield code="a">Thư mục: tr. 199</subfield>
  </datafield>
  <datafield tag="653" ind1="#" ind2="#">
   <subfield code="a">Kỹ thuật số</subfield>
  </datafield>
  <datafield tag="653" ind1="#" ind2="#">
   <subfield code="a">Logic</subfield>
  </datafield>
  <datafield tag="653" ind1="#" ind2="#">
   <subfield code="a">Số học</subfield>
  </datafield>
  <datafield tag="653" ind1="#" ind2="#">
   <subfield code="a">Vật lí</subfield>
  </datafield>
  <datafield tag="852" ind1="#" ind2="#">
   <subfield code="b">Kho mượn</subfield>
   <subfield code="j">KM.0012743, KM.0012744, KM.0012745, KM.0012746, KM.0012747, KM.0012748, KM.0012749, KM.0012750, KM.0012751, KM.0012752, KM.0012744, KM.0012745, KM.0012746, KM.0012747, KM.0012748, KM.0012749, KM.0012750, KM.0012751, KM.0012752</subfield>
  </datafield>
  <datafield tag="852" ind1="#" ind2="#">
   <subfield code="b">Kho đọc</subfield>
   <subfield code="j">KD.0012465</subfield>
  </datafield>
  <datafield tag="852" ind1="#" ind2="#">
   <subfield code="j">KD.0012465</subfield>
   <subfield code="j">KM.0012744</subfield>
   <subfield code="j">KM.0012745</subfield>
   <subfield code="j">KM.0012747</subfield>
   <subfield code="j">KM.0012748</subfield>
   <subfield code="j">KM.0012750</subfield>
   <subfield code="j">KM.0012751</subfield>
   <subfield code="j">KM.0012743</subfield>
   <subfield code="j">KM.0012746</subfield>
   <subfield code="j">KM.0012749</subfield>
   <subfield code="j">KM.0012752</subfield>
  </datafield>
  <datafield tag="910" ind1="0" ind2="#">
   <subfield code="a">Phục</subfield>
   <subfield code="d">21/02/2012</subfield>
  </datafield>
  <datafield tag="980" ind1="#" ind2="#">
   <subfield code="a">Trung tâm Học liệu Lê Vũ Hùng, Trường Đại học Đồng Tháp</subfield>
  </datafield>
 </record>
</collection>
